Русенец изобрети нов тип пчелни кошери на мобилна платформа (Запис номер 522712)
[ съкратено ]
| 000 -Лидер | |
|---|---|
| Лидер | 00923naa a2200253 a 4500 |
| 003 - Код на организацията, давaща контролен номер | |
| Код на организацията, даваща контролен номер | BLK |
| 005 - Дата и час на последна редакция | |
| Дата и час на последна редакция | 20241209085925.0 |
| 007 - Фиксирано поле за физическо описани | |
| Физическо описание | ta |
| 008 - Елементи от данни с фиксирана дължина | |
| Елементи с фиксирана дължина | 221104b bu |||||r|||| 00| | bu d |
| 040 ## - Източник на каталожния запис | |
| Код на библиотеката | BLK |
| 041 ## - Код за език | |
| Език | Български |
| Език за КДБФ | Български |
| 080 ## - УДК | |
| УДК текст | Пчеларство. Медоносна пчела (Вж и 595.799) |
| УДК код | 638.1 |
| УДК – код + определител | 638.1 |
| 100 ## - Редна дума - Автор | |
| R(LIN) | 293092 |
| Автор | Гецов, Петър Стефанов |
| 245 ## - Сведения за заглавието | |
| Заглавие | Русенец изобрети нов тип пчелни кошери на мобилна платформа |
| Авторска отговорност | Петър Гецов |
| 300 ## - Физическа характеристика | |
| Брой страници | с. 3 |
| 520 ## - Забележка за наличие на резюме, анотация и т.н | |
| Анотация, рецензия | Николай Ненов |
| 653 ## - Ключова дума – ненормативна | |
| 9 (RLIN) | 194955 |
| Ключови думи | пчеларство |
| 653 ## - Ключова дума – ненормативна | |
| 9 (RLIN) | 187398 |
| Ключови думи | изобретения |
| 653 ## - Ключова дума – ненормативна | |
| 9 (RLIN) | 193425 |
| Ключови думи | патенти |
| 773 ## - Описание на основна библиографска единица при аналитични записи (многотомни) | |
| Заглавие на източника | Утро, № 233, 4 дек. 2024 |
| Информация за връзката | . // |
| Контролен номер на записа | 513804 |
| 856 ## - Електронен адрес и достъп | |
| Инструкция (цена за достъп) | 0.00 |
| Права за достъп | disable |
| 942 ## - АРТИКУЛИ | |
| Вид на библиотечния документ | Статия |
| Скрит в OPAC | Не |
| 944 ## - СЪЗДАВАНЕ И РЕДАКЦИЯ на ЗАПИСА | |
| Дата на регистрацията/редакция | Валя Йорданова |
| Служител, извършил регистрацията/редакцията | 30558 |
| Номер на служител | Валя Йорданова |
| Създаване/Редакция | |
| 999 ## - СИСТЕМНИ КОНТРОЛНИ НОМЕРА | |
| Koha biblionumber | 522712 |
| Koha biblioitemnumber | 522712 |
Няма налични копия.